Union catalogue of books published prior to 1920 in the field of Social Sciences (History, Political Science and Economics) in Hindu College library and St. Stephens College library (Record no. 905647)
[ view plain ]
| 000 -LEADER | |
|---|---|
| fixed length control field | 00884nam a2200241Ia 4500 |
| 003 - CONTROL NUMBER IDENTIFIER | |
| control field | OSt |
| 005 - DATE AND TIME OF LATEST TRANSACTION | |
| control field | 20220930204140.0 |
| 008 - FIXED-LENGTH DATA ELEMENTS--GENERAL INFORMATION | |
| fixed length control field | 220926b |||||||| |||| 00| 0 eng d |
| 037 ## - SOURCE OF ACQUISITION | |
| Terms of availability | Dissertations |
| 040 ## - CATALOGING SOURCE | |
| Original cataloging agency | CRL |
| Transcribing agency | CRL |
| Language of cataloging | eng |
| 041 ## - LANGUAGE CODE | |
| Source of code | eng |
| Language code of text/sound track or separate title | eng |
| 100 ## - MAIN ENTRY--PERSONAL NAME | |
| Personal name | Gambhir Sudha |
| 110 ## - MAIN ENTRY--CORPORATE NAME | |
| Corporate name or jurisdiction name as entry element | University of Delhi. Faculty of Arts. Department of Library and Information Science |
| 9 (RLIN) | 519370 |
| 245 #0 - TITLE STATEMENT | |
| Title | Union catalogue of books published prior to 1920 in the field of Social Sciences (History, Political Science and Economics) in Hindu College library and St. Stephens College library |
| 260 ## - PUBLICATION, DISTRIBUTION, ETC. | |
| Date of publication, distribution, etc. | 1977 |
| 650 ## - SUBJECT ADDED ENTRY--TOPICAL TERM | |
| Topical term or geographic name entry element | LIBRARY SCIENCE |
| 700 ## - ADDED ENTRY--PERSONAL NAME | |
| Personal name | University of Delhi. Faculty of Arts. Department of Library and Information Science |
| 9 (RLIN) | 519372 |
| 942 ## - ADDED ENTRY ELEMENTS (KOHA) | |
| Koha item type | Dissertations |
| Source of classification or shelving scheme | Colon Classification (CC) |
No items available.
